The Allegany Senecas and Kinzua Dam : forced relocation through two generations /

Bibliographic Details
Main Author: Bilharz, Joy Ann
Format: Book
Language:English
Published: Lincoln : University of Nebraska Press, [1998]
Subjects:

MARC

Tag First Indicator Second Indicator Subfields
LEADER 00000cam a2200000 a 4500
001 in00001402552
005 20151020055427.0
008 970916s1998 nbuab b s001 0 eng
010 |a  97035056  
020 |a 0803212828 (CL : alk. paper) 
035 |a (OCoLC)37705247 
035 |a AHN4432AM 
040 |a DLC  |c DLC  |d TXA  |d UtOrBLW 
043 |a n-us-ny  |a n-us-pa 
049 |a TXAM 
050 0 0 |a E99.S3  |b B45 1998 
082 0 0 |a 974.7/0049755  |2 21 
100 1 |a Bilharz, Joy Ann. 
245 1 4 |a The Allegany Senecas and Kinzua Dam :  |b forced relocation through two generations /  |c Joy A. Bilharz. 
264 1 |a Lincoln :  |b University of Nebraska Press,  |c [1998] 
264 4 |c ©1998 
300 |a xxvi, 194 pages :  |b illustrations, maps ;  |c 23 cm. 
336 |a text  |b txt  |2 rdacontent 
337 |a unmediated  |b n  |2 rdamedia 
338 |a volume  |b nc  |2 rdacarrier 
504 |a Includes bibliographical references (pages [157]-181) and index. 
650 0 |a Seneca Indians  |x Relocation. 
650 0 |a Indian land transfers  |z New York (State) 
650 0 |a Dams  |z Pennsylvania. 
948 |a c:dm 
999 |a MARS 
999 f f |s b96123b5-4fee-3a69-9764-f4340a61194c  |i 4ed61a4a-e112-364c-be32-c64aee0a2abf  |t 0 
952 f f |p ric  |a Texas A&M University  |b Rellis Campus  |c Joint Library Facility  |d Remote Storage  |t 0  |e E99.S3 B45 1998  |h Library of Congress classification  |i unmediated -- volume  |m A14823426159 
998 f f |a E99.S3 B45 1998  |t 0  |l Remote Storage